000 00386nam a2200157Ia 4500
005 20250430013435.0
008 240331s9999 xx 000 0 und d
020 _a9552006112
082 _bPER
_a891
100 _aPerera,K
245 0 _aApe amma saha kiriamma
260 _aColombo
_bS. Goadake & Brothers
_c1991
300 _a95 p .,
500 _aWomen Based Short Story
942 _cL
999 _c4860
_d4860